MARC details
| 000 -CABECERA |
| campo de control de longitud fija |
03375nam a2200349 i 4500 |
| 003 - IDENTIFICADOR DEL NÚMERO DE CONTROL |
| campo de control |
DO-SdBNP |
| 005 - FECHA Y HORA DE LA ÚLTIMA TRANSACCIÓN |
| campo de control |
20241030141145.0 |
| 007 - CAMPO FIJO DE DESCRIPCIÓN FÍSICA--INFORMACIÓN GENERAL |
| campo de control de longitud fija |
ta |
| 008 - DATOS DE LONGITUD FIJA--INFORMACIÓN GENERAL |
| campo de control de longitud fija |
241018s2012 dr ao 000 0 spa d |
| 020 ## - NÚMERO INTERNACIONAL ESTÁNDAR DEL LIBRO |
| Número Internacional Estándar del Libro |
9789945404463 |
| 040 ## - FUENTE DE LA CATALOGACIÓN |
| Centro catalogador/agencia de origen |
DO-SdBNP |
| Lengua de catalogación |
spa |
| Centro/agencia transcriptor |
BNPHU |
| Normas de descripción |
rda |
| 082 ## - NÚMERO DE LA CLASIFICACIÓN DECIMAL DEWEY |
| Número de clasificación |
972.9302 |
| Número de documento/Ítem |
P953 2012 |
| Número de edición |
22 |
| 245 10 - MENCIÓN DE TÍTULO |
| Título |
Primicias de América en la República Dominicana / |
| Mención de responsabilidad, etc. |
textos y asesoría histórica : Raymundo González, María Ugarte ; colaboración especial : Manuel Salvador Gautier ; fotografía : Kutty Reyes, José Alney Uribe ; corrección de estilo : León Félix Batista, Rafael Martínez Alés ; diseño y arte final : Carmen Nova |
| 264 #1 - PRODUCCIÓN, PUBLICACIÓN, DISTRIBUCIÓN, FABRICACIÓN Y COPYRIGHT |
| Producción, publicación, distribución, fabricación y copyright |
Santo Domingo : |
| Nombre del de productor, editor, distribuidor, fabricante |
Ministerio de Cultura |
| Fecha de producción, publicación, distribución, fabricación o copyright |
2012. |
| 300 ## - DESCRIPCIÓN FÍSICA |
| Extensión |
94 páginas, |
| Otras características físicas |
ilustraciones, fotografías |
| Dimensiones |
28 cm. |
| 336 ## - TIPO DE CONTENIDO |
| Fuente |
rdacontent |
| Término de tipo de contenido |
texto |
| Código de tipo de contenido |
txt |
| 337 ## - TIPO DE MEDIO |
| Fuente |
rdamedia |
| Nombre/término del tipo de medio |
sin mediación |
| Código del tipo de medio |
n |
| 338 ## - TIPO DE SOPORTE |
| Fuente |
rdacarrier |
| Nombre/término del tipo de soporte |
volumen |
| Código del tipo de soporte |
nc |
| 505 ## - NOTA DE CONTENIDO CON FORMATO |
| Título |
Primer Almirante de La Mar Océana, Primer Virrey y primer gobernador de las Indias -- |
| -- |
Primera misa oficiada en América -- |
| -- |
Primera exploración europea del territorio americano o “Camino de los Hidalgos” -- |
| -- |
Primera villa europea en América -- |
| -- |
Primer catequista y alfabetizador de los indios en América -- |
| -- |
Primer cabildo de América -- |
| -- |
Primer Santiago de América -- |
| -- |
Primeras monedas metálicas que circularon y se acuñaron en América -- |
| -- |
El Santo Cerro, primer santuario de América -- |
| -- |
Primer indígena, bautizado en América -- |
| -- |
Santo Domingo, primera capital de Las Indias -- |
| -- |
Primer libro en castellano escrito en América -- |
| -- |
Primer hospital en América -- |
| -- |
Primeras sedes de órdenes religiosas en América -- |
| -- |
Primeros pobladores negros de América -- |
| -- |
Primer monasterio de América -- |
| -- |
Primera casa de comercio trasatlántico en América -- |
| -- |
Primera fortaleza de estilo medieval en América -- |
| -- |
Primeros escudos de armas concedidos a ciudades americanas -- |
| -- |
Primera cepa de plátano plantada en América -- |
| -- |
Primer azúcar elaborado en América -- |
| -- |
Primera diócesis y arquidiócesis de América -- |
| -- |
Primeras Casas Reales en América -- |
| -- |
Primera corte virreinal en América -- |
| -- |
Primer clamor por la justicia en América -- |
| -- |
Primera Real Audiencia de América -- |
| -- |
Primeras rebeliones indígenas por la libertad en América -- |
| -- |
Primera revuelta de esclavos negros en América -- |
| -- |
Virgen de la Antigua: Primera pintura Europea en América -- |
| -- |
Primera Atarazana a usanza Europea de América -- |
| -- |
Primer acuerdo de paz en América -- |
| -- |
Primera universidad de América -- |
| -- |
Basílica Catedral Metropolitana de Santo Domingo, Santa María de la Encarnación, Primada de América, / |
| 590 ## - NOTA LOCAL (RLIN) |
| Nota local |
Inventariado, 2024/ YL |
| 650 #4 - PUNTO DE ACCESO ADICIONAL DE MATERIA--TÉRMINO DE MATERIA |
| Término de materia o nombre geográfico como elemento de entrada |
Monumentos coloniales |
| Subdivisión geográfica |
República Dominicana |
| 9 (RLIN) |
86726 |
| 700 ## - PUNTO DE ACCESO ADICIONAL--NOMBRE DE PERSONA |
| Código de función/relación |
tex. |
| Nombre de persona |
González, Raymundo |
| Término indicativo de función/relación |
textos y asesoría histórica |
| 9 (RLIN) |
6373 |
| 700 1# - PUNTO DE ACCESO ADICIONAL--NOMBRE DE PERSONA |
| Código de función/relación |
tex. |
| Nombre de persona |
Ugarte, María |
| Fechas asociadas al nombre |
1914-2011 |
| Término indicativo de función/relación |
textos y asesoría histórica |
| 9 (RLIN) |
24078 |
| 700 ## - PUNTO DE ACCESO ADICIONAL--NOMBRE DE PERSONA |
| Código de función/relación |
col. |
| Nombre de persona |
Gautier, Manuel Salvador |
| Término indicativo de función/relación |
colaboración especial |
| 9 (RLIN) |
14947 |
| 700 ## - PUNTO DE ACCESO ADICIONAL--NOMBRE DE PERSONA |
| Código de función/relación |
fot. |
| Nombre de persona |
Reyes, Kutty |
| Término indicativo de función/relación |
fotografía |
| 9 (RLIN) |
81107 |
| 700 ## - PUNTO DE ACCESO ADICIONAL--NOMBRE DE PERSONA |
| Código de función/relación |
fot. |
| Nombre de persona |
Alney Uribe, José |
| Término indicativo de función/relación |
fotografía |
| 9 (RLIN) |
86727 |
| 700 ## - PUNTO DE ACCESO ADICIONAL--NOMBRE DE PERSONA |
| Código de función/relación |
corr. |
| Nombre de persona |
Félix Batista, León |
| Término indicativo de función/relación |
corrección de estilo |
| 9 (RLIN) |
85096 |
| 700 ## - PUNTO DE ACCESO ADICIONAL--NOMBRE DE PERSONA |
| Código de función/relación |
corr. |
| Nombre de persona |
Martínez Alés, Rafael |
| Término indicativo de función/relación |
corrección de estilo |
| 9 (RLIN) |
5738 |
| 700 ## - PUNTO DE ACCESO ADICIONAL--NOMBRE DE PERSONA |
| Código de función/relación |
dis. |
| Nombre de persona |
Nova, Carmen |
| Término indicativo de función/relación |
diseño y arte final |
| 9 (RLIN) |
86728 |
| 910 ## - DATOS DE OPCIÓN DEL USUARIO (OCLC) |
| Datos de opción del usuario |
YLockward |
| 942 ## - ELEMENTOS DE PUNTO DE ACCESO ADICIONAL (KOHA) |
| Fuente del sistema de clasificación o colocación |
Dewey Decimal Classification |
| Tipo de ítem Koha |
Libro |